000 00446nam a2200157Ia 4500
008 240729s9999 xx 000 0 und d
022 _a1502-7724
245 0 _aScandinavian Journal of Primary Health Care
260 _aUnited Kingdom
260 _bTaylor & Francis Group
650 _a Public aspects of medicine
650 _aMedicine
856 _uhttps://doaj.org/toc/9d766cd4d8274e8891ed9d7ba1200728
942 _2ddc
942 _cDOAJEJ
999 _c72324
_d72324
945 _a1
_bMadushi Gamage
_c1
_dMadushi Gamage